000 00409nam a22001697a 4500
003 CEME
005 20210628202518.0
008 210316b xxu||||| |||| 00| 0 eng d
020 _a0-201-62752-3
040 _c.
082 _a658 WAT'Q
100 _aWaters, Donald
_960244
245 _aQuantitative methods for business
260 _aENGLAND
_bADDISON WESLEY
_c1994
300 _a729P
942 _cBK
_2ddc
999 _c570026
_d570026